000 00907nas a2200325 4500
001 BR2013008578
003 BR-BrBNA
005 20231205123127.0
007 ta
008 230509b bl.|||p| |||| 00| 00por d
040 _aBR-BrBNA
_bpor
_cBiblioteca Nacional de Agricultura
041 _a(En)
072 _aF03
100 1 _aMarini, P.
100 1 _aBandeira, J. de M.
100 1 _aBorba, I.C.G. de
100 1 _aMartins, A.B.N.
100 1 _aMoraes, D.M. de
100 1 _aAmarante, L. do
100 1 _aVillela, F.A.
245 1 _aAntioxidant activity of corn seeds after thermal stress
650 _aMILHO
650 _aSEMENTE
650 _aGERMINAÇÃO
650 _aTEMPERATURA
650 _aCRESCIMENTO
773 0 _tCiência Rural (Brazil)
_xISSN 0103-8478
_g(Jun 2013), v. 43(6) p. 951-956
_wBR2013008578
909 _a202311
_bLúcia
_c55
_dLúcia Elande
942 _2AGRIS
_n0
_cANA
999 _c232311
_d232311